| 000 | 00983nam a22002535a 4500 | ||
|---|---|---|---|
| 003 | OSt | ||
| 005 | 20170131134600.0 | ||
| 008 | 160922s2015 ua frb 000 0 ara d | ||
| 020 | _a97899481509213 | ||
| 040 |
_aEG-ScBUE _bara _cEG-ScBUE _dEG-ScBUE |
||
| 082 | 0 | 4 |
_a345.052 _bح م ا _222 |
| 100 | 1 | _aحمادي، خالد محمد علي. | |
| 245 | 1 | 0 |
_aحقوق وضمانات المتهم في مرحلة ما قبل المحاكمة / _cخالد محمد علي الحمادي. |
| 250 | _aط. 2. | ||
| 260 |
_a[القاهرة] : _bدار النهضة العربية، _c2015. |
||
| 300 |
_a556 ص. ؛ _c24 سم. |
||
| 504 | _aيشتمل على إرجاعات ببليوجرافية. | ||
| 650 | 7 |
_aالدفاع عن المتهم (إجراءات مدنية) _2BUEsh _941094 |
|
| 650 | 7 |
_aالتحقيق الجنائي. _2BUEsh |
|
| 650 | 7 |
_a قانون الإجراءات الجنائية . _2BUEsh _941140 |
|
| 651 | _2BUEsh | ||
| 653 |
_bLLAAWW _cJanuary2017 |
||
| 942 | _2ddc | ||
| 999 |
_c24041 _d24013 |
||